Lego Dimensions Franchises - Statistics

General Stats
  • This quiz has been taken 98 times
  • The average score is 24 of 30
Answer Stats
Characters Movie % Correct
Emmet, Unilitty, Wyldstyle The Lego Movie
99%
Doc Brown, Marty McFly Back to the Future
97%
E.T. E.T.
97%
Homer Simpson, Krusty the Clown The Simpsons
97%
Scooby Doo, Shaggy Rogers Scooby Doo
96%
Sonic the Hedgehog Sonic the Hedgehog
94%
Gandalf, Gollum, Legolas The Lord of the Rings
94%
Beetlejuice Beetlejuice
92%
Hermione Granger, Voldemort Harry Potter
92%
Finn, Jake, Marceline Adventure Time
90%
Cyberman, Twelth Doctor Doctor Who
90%
Aquaman, Superman, Wonder Woman DC Comics
86%
Jay, Nya, Zane Ninjago
85%
The Wicked Witch of the West The Wizard of Oz
83%
Gizmo, Stripe Gremlins
81%
Peter Vankman, Raymond Stantz Ghostbusters
79%
Beast Boy, Raven, Starfire Teen Titans Go!
79%
Bubbles, Buttercup The Powerpuff Girls
79%
ACU Trooper, Owen Grady Jurassic World
75%
Chase McCaine Lego City
74%
Ethan Hunt Mission: Impossible
72%
Michael Knight Knight Rider
71%
Batgirl, Robin The Lego Batman Movie
65%
Newt Scamander, Tina Goldstein Fantastic Beasts and Where To Find Them
64%
B.A. Baracus, John "Hannibal" Smith The A-Team
64%
Data, Sloth, Stef The Goonies
63%
Chell Portal 2
61%
Abby Yates, Jillian Holtzmann Ghostbusters 2016
49%
Cragger, Eris, Laval Legends of Chima
46%
Gamer Kid Midway Arcade
44%
No matching quizzes found
Score Distribution
Percent of People with Each Score
Percentile by Number Answered
Your Score History
You have not taken this quiz